00980nam a2200217 a 4500001001000000003000500010005001700015008004100032010001100073011001100084040000900095100004000104245016500144260004100309500006000350502013100410650004700541650005700588650004700645856007000692000113857CHAP20220329144416.0171002s2016 mx a fsm |||||||spa d a110318 a111290 cCHAP1 aHernández Valdivia, Miriam Susana10aValoración económica de los servicios ambientales y turísticos del bosque de San Juan de Aragón /h[En línea]cpor Miriam Susana Hernández Valdivia. aChapingo, Méx. :bEl autor,c2016. aPara ver el contenido del material haga clic en la liga aTesis (M. C. en Economía Agrícola y de los Recursos Naturales) -- UACH. División de Ciencias Económico Administrativas14aParques nacionalesxAspectos económicos.14aParques nacionalesxPreservaciónzMéxico (Edo.).14aParques nacionalesxRecreación familiar. aFinding aiduhttp://10.13.5.2/tesis/sist113857.pdfzTeclea aquí